000 00970nam a22002897a 4500
003 CHAP
005 20220329135639.0
008 971013s1974 r 00010 d
010 _a39876
011 _a40848
035 _a44974
040 _cCHAP
090 _aFolleto 2652y
110 _aE.U.A. Department of Health, Education and Welfare
_934907
245 1 _aGuía para la preparación de conferencias ; una obra educativa
260 _aMéxico, D. F. :
_bCentro Regional de Ayuda Técnica,
_c1974
300 _a60 p.
_b: ilus. ; gráfs.
500 _a2 c. en bodega
590 _aBATCH-UPD
_b10
_c20130110
_lUCH01
_h1923
590 _aCONVERSION
_b10
_c20130109
_lUCH01
_h1322
650 1 4 _aConferencias y reuniones.
_926637
901 _aBK
942 _cFOLL
949 _aFolleto 2652y
_bBC
_cFOLL
_d-102997
_eTS1
_i44974
_si
949 _aFolleto 2652y
_bBC
_cFOLL
_d-103000
_eTS2
_fc.2
_i44974
_si
949 _aFolleto 2652y
_bBC
_cFOLL
_d-103001
_eTS2
_fc.3
_i44974
_si
999 _c39876
_d39876